| 000 | 00610nam a22001577a 4500 | ||
|---|---|---|---|
| 999 |
_c534609 _d534609 |
||
| 020 | _qHard Cover. | ||
| 082 | _a620.0011 | ||
| 100 | _aJamil, Mahmood | ||
| 245 |
_aDevelopment of Solution Processed Photo-Anode based on Graphene-Nb2O5 Nanocomposite and RF Sputtered Si Nanoparticles for Dye-Sensitized Solar Cells (DSSCs) / _cMahmood Jamil. |
||
| 260 |
_aIslamabad: _bUSPCASE - NUST, _c2016. |
||
| 300 |
_a119 p. : _bill. ; _c30cm. |
||
| 942 |
_2ddc _cTHE |
||
| 650 |
_aEnergy System Engineering MS-Thesis. _928868 |
||
| 700 |
_aDr. Zuhair S. Khan _928871 |
||